000
00317nam a2200121Ia 4500
008
210430s9999 xx 000 0 und d
082
_a
330.01P1531T
100
_a
Tom G.Palmer
245
_a
Ecnomics Freedom network Pakistan(english)
_c
Tom G.Palmer
260
_a
Islamabad
_c
2011
300
_a
140
942
_c
BK
_2
ddc
999
_c
565952
_d
565952